000 00615nam a22001817a 4500
005 20251108175035.0
008 250721s2010 xx 000 0 ara d
082 1 4 _aم/341.69/شعب
100 1 _aشعبان، عبد الحسين
_eمؤلف
245 1 0 _aلائحة اتهام حلم العدالة الدولية في مقاضاة إسرائيل /
264 1 _aبيروت :
_bمركز دراسات الوحدة العربية،
_c2010.
300 _a135ص.
650 1 7 _aالقانون الدولي
650 1 7 _aمجرمو الحرب
650 1 7 _aاسرائيل
942 _2ddc
_cREF
999 _c124669
_d124669